000 00621nam a22001937a 4500
005 20131011111022.0
010 _aENG-107959
020 _c595.00
_a9789350352519
035 _aEN-91492
037 _bDBAD/PUB
082 _a346.54015
100 _aNarayana ,P.S.
245 0 0 _aLaw relating to family courts /
_cby P.S. Narayana
260 _aDelhi
_bUniversal Law Publishing
_c2013
270 _aC-FF-1A, Dilkhus Industrial Estate, (Near Azadpur Metro Station) G.T. Karnal Road,
_bDelhi
_e110033
300 _axxxi,420p.
_c26cm(Hb)
500 _aIncludes index
942 _2ddc
_cEN
_mNAR
_h346.54015
999 _c77415
_d77415